El Poder de la identidad : The power of identity /
Se analiza la formación del yo y de la interacción de la red y el yo en la crisis de dos instituciones centrales de la sociedad: la familia patriarcal y el Estado Nacional. Se centra sobre todo en los movimientos y políticas sociales que resultan de la globalización inducida por la tecnología, el po...
Gardado en:
| Autor Principal: | |
|---|---|
| Outros autores: | , |
| Formato: | Texto |
| Idioma: | Spanish |
| Publicado: |
Madrid :
Alianza Editorial
|
| Edición: | 2 |
| Series: | La era de la información. Economía, sociedad y cultura
|
| Materias: | |
| Etiquetas: |
Engadir etiqueta
Sen Etiquetas, Sexa o primeiro en etiquetar este rexistro!
|
MARC
| LEADER | 00000 a a2200000 04500 | ||
|---|---|---|---|
| 001 | 29021 | ||
| 003 | cru CIDCACS/IIS | ||
| 005 | 20170922142408.0 | ||
| 008 | 170922b xxu||||| |||| 00| 0 spa d | ||
| 999 | |c 12844 |d 12844 | ||
| 020 | |a 84-206-4248-7 | ||
| 040 | |c CIDCACS/IIS | ||
| 090 | |a 05.03.04 C358e Vol. 2 | ||
| 100 | |a Castells, Manuel | ||
| 245 | |a El Poder de la identidad : |b The power of identity / |c Manuel Castells | ||
| 250 | |a 2 | ||
| 260 | |a Madrid : |b Alianza Editorial | ||
| 300 | |a 495 páginas; volumen 2 | ||
| 440 | |a La era de la información. Economía, sociedad y cultura | ||
| 500 | |a Fotocopia | ||
| 520 | |a Se analiza la formación del yo y de la interacción de la red y el yo en la crisis de dos instituciones centrales de la sociedad: la familia patriarcal y el Estado Nacional. Se centra sobre todo en los movimientos y políticas sociales que resultan de la globalización inducida por la tecnología, el poder de la identidad (de género, religiosa, nacional, étnica, territorial, socio biológica) y las instituciones del estado. | ||
| 590 | |a RRA/OCTUBRE2012 | ||
| 650 | |a .SOCIEDAD DE LA INFORMACION | ||
| 650 | |a CAMBIO SOCIAL | ||
| 650 | |a CAMBIO TECNOLOGICO | ||
| 650 | |a TECNOLOGIA DE LA INFORMACION | ||
| 650 | |a GLOBALIZACION | ||
| 650 | |a MOVIMIENTOS SOCIALES | ||
| 650 | |a ESTADO | ||
| 650 | |a CAMBIO CULTURAL | ||
| 650 | |a IDENTIDAD SOCIAL | ||
| 700 | |a Martínez Gimero, Carmen, Traductora | ||
| 700 | |a Alborés, Jesús, traductor | ||
| 942 | |2 ddc |c LI | ||



